| 000 | 00783nam a22002417a 4500 | ||
|---|---|---|---|
| 001 | 25287 | ||
| 003 | UA-OsUOA | ||
| 005 | 20241106162758.0 | ||
| 007 | ta | ||
| 008 | 20040330b un ||||| |||| 00| 0 ukr d | ||
| 020 | _a966-521-227-3 | ||
| 040 |
_aUA-OsUOA _bukr _cUA-OsUOA _dUA-OsUOA |
||
| 041 | _aukr | ||
| 044 | _aUA | ||
| 080 | _a32(076.1) | ||
| 090 |
_a32(076.1) _bП50 |
||
| 245 |
_aПолітологія: збірник вправ і завдань для самостійної роботи, глосарій _bметодичний посібник до підручника Політологія _cза ред. А. Колодій |
||
| 260 |
_aКиїв _bЕльга, МІка-Центр _c2003 |
||
| 300 | _a280 с. | ||
| 650 | 7 | _2UDC | |
| 942 |
_cBK _2udc |
||
| 955 | _a0 | ||
| 999 |
_c311580 _d311580 |
||